000 00538nam a2200217Ia 4500
003 OSt
005 20220924133941.0
006 a|||||r|||| 00| 0
007 ta
008 220923b |||||||| |||| 00| 0 snd d
024 _a271192
037 _cTextual
040 _aARTS
_cARTS
_bsnd
041 _2snd
_asnd
082 _a/\:864, 1593G2
100 _aKematri Jushinmal
_9207707
245 0 _aDedar- Jotish
260 _c1932
942 _h/\:864, 1593G2
_cTEXL
_2CC
999 _c435814
_d435814